|
|
|
|
| LEADER |
00000nab a2200000 a 4500 |
| 001 |
vtls008415075 |
| 003 |
SK-MaSNL |
| 005 |
20260304170528.0 |
| 008 |
040806c xo 0 slo |
| 015 |
|
|
|a SNBCL2005/5
|
| 035 |
|
|
|a SLK031424
|
| 040 |
|
|
|a SLKCL
|b slo
|c SNKBUCL
|e AACR2
|
| 041 |
1 |
|
|a slo
|b slo
|
| 044 |
|
|
|a xo
|c SK
|
| 080 |
|
|
|a 616.61-008.6-053.2-085
|2 1981
|
| 100 |
1 |
|
|a Podracká, Ľudmila,
|d 1955-
|4 aut
|9 9758
|
| 245 |
1 |
0 |
|a Liečba idiopatického nefrotického syndrómu
|c Ľudmila Podracká, László Kovács
|
| 504 |
|
|
|a Res. slov.
|
| 504 |
|
|
|a Bibliogr. odkazy
|
| 650 |
0 |
7 |
|a nefrotický syndróm
|2 MESH
|9 202374
|
| 650 |
0 |
7 |
|a diéta neslaná
|x využitie
|2 MESH
|9 1497956
|
| 650 |
0 |
7 |
|a diuretiká
|2 MESH
|9 16153
|
| 650 |
0 |
7 |
|a hormóny kôry nadobličiek
|x aplikácia a dávkovanie
|2 MESH
|9 875051
|
| 650 |
0 |
7 |
|a imunosupresíva
|x použitie terapeutické
|2 MESH
|9 1429743
|
| 700 |
1 |
|
|a Kovács, László,
|d 1950-2017
|4 aut
|9 202749
|
| 773 |
0 |
|
|w SERIAL_GENERAL*000732*2004*004*002
|t Ambulantná terapia
|g December 2004, Január 2005, s. 21-24
|
| 850 |
|
|
|a Slovenská lekárska knižnica v Bratislave
|a BA006
|
| 852 |
|
|
|a BA006
|b KIS3GCP
|b 000500000
|
| 999 |
|
|
|c 2989242
|d 2991172
|